Обогащение минерального сырья с целью выделения андалузитового концентрата: Отчет о НИР; Тема: х/д № 47/68

Bibliographic Details
Corporate Author: Томский политехнический институт (ТПИ) (595)
Other Authors: Бабенко С. А. (руководитель), Медведева Л. М. (исполнитель)
Language:Russian
Published: Томск, 1964
Subjects:
Format: Book
KOHA link:https://koha.lib.tpu.ru/cgi-bin/koha/opac-detail.pl?biblionumber=189632

MARC

LEADER 00000nbm0a2200000 4500
001 189632
005 20231031175428.0
035 |a (RuTPU)RU\TPU\book\206302 
090 |a 189632 
100 |a 20101228d1964 k y0rusy50 ca 
101 0 |a rus 
102 |a RU 
105 |a a p 001zy 
200 1 |a Обогащение минерального сырья с целью выделения андалузитового концентрата  |e Отчет о НИР  |e Тема: х/д № 47/68  |f Томский политехнический институт (ТПИ) ; руководитель С. А. Бабенко ; Л. М. Медведева 
210 |a Томск  |d 1964 
215 |a 53 л. 
320 |a Библиогр.: с. 45-46. 
610 1 |a отчеты о НИР 
610 1 |a андалузитовые концентраты 
610 1 |a минеральное сырье 
610 1 |a обогащение 
610 1 |a выделение 
675 |a 622.721  |v 3 
702 1 |a Бабенко  |b С. А.  |4 673 
702 1 |a Медведева  |b Л. М.  |4 677 
712 0 2 |a Томский политехнический институт (ТПИ)  |c (1944-1991)  |2 stltpush  |3 (RuTPU)RU\TPU\col\1123  |4 595 
801 1 |a RU  |b 63413507  |c 20101228 
942 |c BK